Vyhláška Ministerstva financií Slovenskej republiky o výpočte preddavku na daň z príjmov zo závislej činnosti a funkčných požitkov na mesačné obdobie.

Tabuľka preddavkov na daň z príjmov fyzických osôb zo závislej činnosti a funkčných požitkov pre mesačné obdobie.

Uložené v:
Podrobná bibliografia
Médium: Kapitola
Jazyk:Slovak
Predmet:
Tagy: Pridať tag
Žiadne tagy, Buďte prvý, kto otaguje tento záznam!

MARC

LEADER 00000naa a2200000 4500
001 r011434
005 20220826094418.1
041 0 |a slo 
044 |a [CS] 
245 1 0 |a Vyhláška Ministerstva financií Slovenskej republiky o výpočte preddavku na daň z príjmov zo závislej činnosti a funkčných požitkov na mesačné obdobie. 
520 |a Tabuľka preddavkov na daň z príjmov fyzických osôb zo závislej činnosti a funkčných požitkov pre mesačné obdobie. 
610 2 0 |a dane 
610 2 0 |a dane z príjmov 
610 2 0 |a vyhlášky 
610 2 0 |a Slovensko 
610 2 0 |a tabuľky štatistické 
610 2 0 |a 1993